Normal view
MARC view
Entry Topical Term
001 - CONTROL NUMBER
- control field: 6903
003 - CONTROL NUMBER IDENTIFIER
- control field: BD-RjUL
005 - DATE AND TIME OF LATEST TRANSACTION
- control field: 20230208115610.0
008 - FIXED-LENGTH DATA ELEMENTS
- fixed length control field: 230208|| aca||aabn | a|a d
040 ## - CATALOGING SOURCE
- Original cataloging agency: BD-RjUL
- Transcribing agency: BD-RjUL
150 ## - HEADING--TOPICAL TERM
- Topical term or geographic name entry element: Islami Bank
- Geographic subdivision: Bangladesh
670 ## - SOURCE DATA FOUND
- Source citation: Work cat.: (BD-RjUL)81192: Al-Najjar, Ahmed Mohamed Abdel Aziz النجار، أحمد محمد عبد العزيز 6902, الأصالة والمعاصرة في منهج التنمية الشاملة : بنوك بلا فوائد : قضية بنوك الادخار المحلية // al'asalat walmueasarat fi manhaj altanmiat alshaamilat : banuk bila fawayid : qadiat banuk alaidikhar almahaliya /, 1985